000 00366 a2200169 4500
001 74218
020 _a850601317-8
040 _cAnchieta - Colégio São Paulo
100 _aRooke, Patrick
240 1 0 _aOs normandos
_lpor
245 1 0 _aOs normandos
300 _a61
362 0 _a1997
440 1 _aMelhoramentos
650 4 _aHistória do mundo
942 _cBK
999 _c74218
_d74218